| 000 -LEADER |
| fixed length control field |
01319pab a2200169 454500 |
| 008 - FIXED-LENGTH DATA ELEMENTS--GENERAL INFORMATION |
| fixed length control field |
180718b2002 xxu||||| |||| 00| 0 eng d |
| 100 ## - MAIN ENTRY--PERSONAL NAME |
| Personal name |
Jin, Jing |
| 245 ## - TITLE STATEMENT |
| Title |
How does fiscal decentralization affect aggregate, national, and subnational government size? |
| 260 ## - PUBLICATION, DISTRIBUTION, ETC. |
| Date of publication, distribution, etc. |
2002 |
| 300 ## - PHYSICAL DESCRIPTION |
| Extent |
p.270-93. |
| 362 ## - DATES OF PUBLICATION AND/OR SEQUENTIAL DESIGNATION |
| Dates of publication and/or sequential designation |
Sep |
| 520 ## - SUMMARY, ETC. |
| Summary, etc. |
Beyond conducting the usual regression analysis of the relationship between fiscal decentralization and aggregate government size (national and subnational combined), this paper makes the first attempt to examine how different fiscal decentralization measures affect the sizes of national and subnational (state and local combined) governments. An econometric analysis using panel data from 32 industrial and developing countries, 1980-1994, finds that (1) expenditure decentralization leads to smaller national governments, larger subnational governments, and larger aggregate governments; (2) revenue decentralization increases subnational governments by less than it reduces national governments, hence leads to smaller aggregate governments; and (3) vertical imbalance tends to increase the sizes of subnational, national, and aggregate governments. - Reproduced. |
| 650 ## - SUBJECT ADDED ENTRY--TOPICAL TERM |
| Topical term or geographic name entry element |
Fiscal policy |
| 700 ## - ADDED ENTRY--PERSONAL NAME |
| Personal name |
Zou, Heng-fu |
| 773 ## - HOST ITEM ENTRY |
| Main entry heading |
Journal of Urban Economics |
| 909 ## - |
| -- |
54485 |